01358nam a2200325Ia 4500001001200000003000800012006001900020007001500039008004100054040002100095035002100116050002400137100002300161245011200184260010000296300001800396490003400414500001800448504004100466533015200507610003300659650002000692650002200712655002900734700002100763710007000784710001700854830003500871856012600906ebr10380855CaPaEBRm u cr cn|||||||||061002s2006 dcua sb i000 0 eng d aCaPaEBRcCaPaEBR a(OCoLC)69414115014aHB3722b.R36 2006eb1 aRamakrishnan, Uma.14aThe role of IMF support in crisis preventionh[electronic resource] /cUma Ramakrishnan and Juan Zalduendo. a[Washington, D.C.] :bInternational Monetary Fund, Policy Development and Review Dept.,cc2006. a31 p. :bill.1 aIMF working paper ;vWP/06/75 a"March 2006." aIncludes bibliographical references. aElectronic reproduction.bPalo Alto, Calif. :cebrary,d2011.nAvailable via World Wide Web.nAccess may be limited to ebrary affiliated libraries.20aInternational Monetary Fund. 0aCapital market. 0aFinancial crises. 7aElectronic books.2local1 aZalduendo, Juan.2 aInternational Monetary Fund.bPolicy Development and Review Dept.2 aebrary, Inc. 0aIMF working paper ;vWP/06/75.40uhttp://site.ebrary.com/lib/rucke/Doc?id=10380855zAn electronic book accessible through the World Wide Web; click to view